Les Anciens pays de la Yougoslavie - Statistiques

Statistiques générales
  • Ce quiz a été pris 248 fois
  • Le résultat moyen est 7 sur 7
Statistiques - réponses
Réponse % Correct
Croatie
98%
Serbie
98%
Kosovo
97%
Bosnie-Herzegovine
95%
Montenegro
95%
Slovenie
95%
Macedoine
92%
Aucun quiz correspondant
Distribution des résultats
% des personnes avec chaque résultat
Percentile par nombre de réponses
Votre historique - résultats
Vous n’avez pas pris ce quiz